| 000 | 00677nam a22002417a 4500 | ||
|---|---|---|---|
| 001 | 3603 | ||
| 003 | FISKH | ||
| 005 | 20240325112023.0 | ||
| 008 | 240325b cb ||||| |||| 00| 0 eng d | ||
| 040 |
_aFISK _beng _cFISK _dFISK |
||
| 050 | _aPR5774 | ||
| 082 | _a823.912 | ||
| 100 |
_aWells H. G _d1866-1946 |
||
| 245 |
_aThe war of the worlds / _cH. G. Wells |
||
| 260 |
_aLondon : _bTownsend Press, _c2007 |
||
| 300 |
_a216 pages : _c18 cm |
||
| 505 | _aX | ||
| 520 | _aAs life on Mars becomes impossible, Martians and their terrifying machines invade the earth. | ||
| 521 | 8 |
_a1040 _bLexile |
|
| 700 | _aH. G. Wells | ||
| 942 |
_2ddc _cBK _n0 |
||
| 999 |
_c3603 _d3603 |
||